000 00759cam a2200229 a 4500
001 3980646
005 20180307072740.0
008 950914s1996 ohua b 001 0 eng
010 _a 95040920
020 _a0538861398
040 _aDLC
_cDLC
_dDLC
041 _aeng
080 _a658.4092 PAT
082 0 0 _a658.4092 PAT
_220
100 _a54
101 _aLID
245 0 4 _aThe balancing act :
_cKerry Patterson ... [et al.].
504 _aIncludes bibliographical references (p. 457-464) and index.
906 _a7
_bcbc
_corignew
_d1
_eocip
_f19
_gy-gencatlg
942 _2ddc
_cBK
999 _c44303
_d44303